| 000 | 00000nam##2200000za#4500 |
| 001 | 9.606662 |
| 003 | CaOODSP |
| 005 | 20210624212734 |
| 007 | cr ||||||||||| |
| 008 | 150406|1992||||xxc|||||o f|0| 0 fre|d |
| 022 | |a1488-545X |
| 040 | |aCaOODSP|bfre |
| 043 | |an-cn--- |
| 086 | 1 |aFs97-6/1851F-PDF |
| 110 | 1 |aCanada. |bMinistère des pêches et des océans. |
| 245 | 10|aInventaire de la contamination des sédiments du chenal Laurentien, les biphényles polychlorés / |h[ressource électronique]|cpar C. Gobeil et M. Lebeuf. |
| 260 | |aMont-Joli - Québec : |bPêches et Océans Canada |c1992. |
| 300 | |a54p.|bfigures, références, tableaux |
| 490 | 1 |aRapport technique canadien des sciences halieutiques et aquatiques|x1488-545X|vN° 1851 |
| 500 | |aSur la p. de t. : Institut Maurice Lamontagne, Mont Joli, (Québec). Le n° de catalogue et l'ISSN de l'édition imprimée apparaissent dans cette version électronique. |
| 546 | |a(Abstract in English). |
| 590 | |a14-05-Supp|b2014-02-26 |
| 720 | 1 |aGobeil, C. |
| 720 | 1 |aLebeuf, M. |
| 830 | #0|aRapport technique canadien des sciences halieutiques et aquatiques,|x1488-545X|vN° 1851|w(CaOODSP)9.500867 |
| 856 | 40|ahttp://publications.gc.ca|qPDF|s1468 Ko|uhttps://publications.gc.ca/collections/collection_2014/mpo-dfo/Fs97-6-1851-fra.pdf|yN° 1851 |